| 000 | 00646nam a22002057a 4500 | ||
|---|---|---|---|
| 999 |
_c16911 _d16911 |
||
| 003 | AR-CdUCM | ||
| 008 | 190506b ||||| |||| 00| 0 spa d | ||
| 040 |
_aMUNICIPALIDAD PROVINCIAL DEL CUSCO _cBIBLIOTECA MUNICIPAL DEL CUSCO |
||
| 082 |
_a373.35 / _bM6 |
||
| 100 |
_aMiranda Bernal, Julio _9877 |
||
| 245 | _aCastellano / | ||
| 260 |
_aCuzco : _bFacultad de educación, _c1966. |
||
| 300 |
_a146 páginas ; _c22 cm. |
||
| 505 | _aContenido: Estudio y enseñanza del castellano. | ||
| 650 |
_aEstudio y enseñanza _92610 |
||
| 650 |
_aLengua española _91124 |
||
| 650 |
_aLenguaje _95227 |
||
| 942 |
_2ddc _cLIBROS |
||
| 945 |
_adavv _d06/05/2019 |
||